Calciatori del Chelsea nella Squadra dell'anno UEFA - Statistics

Statistiche generali
  • Questo quiz è stato fatto 13 volte
  • Il punteggio medio è 6 su 7
Statistiche sulle risposte
Numero apparizioni Edizioni apparizioni Nazione Calciatore % Corretto
1 2007 Costa d'Avorio Didier Drogba
100%
2 2017; 2018 Belgio Eden Hazard
100%
1 2018 Francia N'Golo Kanté
90%
1 2005 Repubblica Ceca Petr Čech
90%
4 2005; 2007; 2008; 2009 Inghilterra John Terry
80%
1 2010 Inghilterra Ashley Cole
60%
1 2004 Portogallo Ricardo Carvalho
50%
Nessun quiz corrispondente trovato
Distribuzione punteggi
Percentuale di utenti per punteggio
Percentile per numero di risposta
I tuoi punteggi nel tempo
Non hai fatto questo quiz